000 00717nam a2200169Ia 4500
008 100122s9999 xx 000 0 und d
082 _b1451
_a923.254
100 _aगांधी महात्मा
245 _aमहात्मा गांधीचे सत्याचे प्रयोग भाग-1
250 _a1
260 _bशंकर श्रीकृष्ण देव
_c1928
300 _a400
630 _aमहात्मा गांधीचे सत्याचे प्रयोग भाग-1
700 _aपटवर्धन सी पु
730 _aमहात्मा गांधीचे सत्याचे प्रयोग भाग-1
942 _cBOOK
999 _c396184
_d396181